| 000 | 00525nam a2200217Ia 4500 | ||
|---|---|---|---|
| 005 | 20250301091531.0 | ||
| 008 | 240822s9999 xx 000 0 und d | ||
| 020 |
_a9781284170757 _qpbk |
||
| 041 | _aeng | ||
| 082 |
_a362.1068 _bROS |
||
| 100 | _aRoss | ||
| 245 | 0 |
_aApplying Lean Six Sigma in Health Care _cRoss |
|
| 250 | _a1st ed | ||
| 260 |
_bJones & Bartlett Learning _c2021 _aUSA |
||
| 300 | _a390 pages | ||
| 490 | _vvol1 | ||
| 650 | _aBotany | ||
| 650 | _amedical science | ||
| 700 | _aRoss | ||
| 942 | _cREF | ||
| 999 |
_c528694 _d528694 |
||